000 00301nam a22001337a 4500
082 _a894.812
_bKAR/N
100 _aKARUNAKARAN, EZHUMANGALAM
245 _aNIRADEEPAM
250 _aFIRST
260 _aKOCHI
_bNATTARANG PUBLICATION
_c2001
300 _a80
650 _aSTORY & POEM
_zKERALA
942 _cBK
999 _c1538
_d1538